000 00485ntaaa2200193 4500
003 01
005 20251027202347.0
008 0714s1973 ag 01
040 _aAR-BaBN
_bspa
_cAR-BaBN
_eaacr
_dRIC
082 _a301.1500 M43
100 _aMaltz, Maxwell
_922256
245 _aPsycho-cybernetics
250 _a1 ed.
260 _aNew York :
_bEssandess,
_c1960
300 _a256 p
500 _aA new way to get more living out of life
650 _apsicologĂ­a
_92648
942 _cBK
999 _c18466
_d18466